Industrial organization and managment / (Record no. 104837)

MARC details
000 -LEADER
fixed length control field 00617nam a22002057a 4500
005 - DATE AND TIME OF LATEST TRANSACTION
control field 20161129153053.0
010 ## - LCCN (DPL NO)
LC control number ENG-116702
020 ## - INTERNATIONAL STANDARD BOOK NUMBER
International Standard Book Number 9788184845464
Terms of availability 1080.00
035 ## - SYSTEM CONTROL NUMBER
System control number EN-100234
037 ## - SOURCE OF ACQUISITION
Source of stock number/acquisition DBAD/PUB
082 ## - DEWEY DECIMAL CLASSIFICATION NUMBER
Classification number 658
245 ## - TITLE STATEMENT
Title Industrial organization and managment /
Statement of responsibility, etc edited by Shagun Ahuja [and] R.K.Sharma
260 ## - PUBLICATION, DISTRIBUTION, ETC. (IMPRINT)
Place of publication, distribution, etc New Delhi
Name of publisher, distributor, etc Regal Publications
Date of publication, distribution, etc 2016
270 ## - ADDRESS
Address F-159, Rajouri Garden
City New Delhi
Postal code 110027
300 ## - PHYSICAL DESCRIPTION
Extent xiii,259p. :
Dimensions 23cm(Hb)
Other physical details ill
500 ## - GENERAL NOTE
General note Includes index
700 ## - ADDED ENTRY--PERSONAL NAME
Personal name Ahuja.Shagun
700 ## - ADDED ENTRY--PERSONAL NAME
Personal name Sharma,R.K.
942 ## - ADDED ENTRY ELEMENTS (KOHA)
Source of classification or shelving scheme Dewey Decimal Classification
Item type English Books
Classification part 658
Call number suffix IND
Holdings
Withdrawn status Lost status Not for loan Collection code Home library Current library Date acquired Source of acquisition Cost, normal purchase price Full call number Barcode Copy number Cost, replacement price Koha item type
    Not For Loan Non-fiction D.B.Act.Division Bawana 29/11/2016 DBAD/PUB 1080.00 658 IND EN-100234 1 1080.00 English Books

© Delhi Public Library
Hit Counter
free hit counter